Internet research skills : (Record no. 4690)

MARC details
000 -LEADER
fixed length control field 00686nam a22002057a 4500
003 - CONTROL NUMBER IDENTIFIER
control field OSt
005 - DATE AND TIME OF LATEST TRANSACTION
control field 20251024011358.0
008 - FIXED-LENGTH DATA ELEMENTS--GENERAL INFORMATION
fixed length control field 251008b |||||||| |||| 00| 0 eng d
020 ## - INTERNATIONAL STANDARD BOOK NUMBER
International Standard Book Number 978-1-4129-1113-9.
040 ## - CATALOGING SOURCE
Original cataloging agency DWCL-Main
Transcribing agency OC
082 ## - DEWEY DECIMAL CLASSIFICATION NUMBER
Classification number Circ. 004.678 D637i 2007
100 ## - MAIN ENTRY--PERSONAL NAME
Personal name Dochartaigh, Niall O.
245 ## - TITLE STATEMENT
Title Internet research skills :
Remainder of title how to do your literature search and find research information online
260 ## - PUBLICATION, DISTRIBUTION, ETC.
Place of publication, distribution, etc. La. :
Name of publisher, distributor, etc. Sage Pub.,
Date of publication, distribution, etc. c2007.
300 ## - PHYSICAL DESCRIPTION
Extent x, 169 pages :
Other physical details illustration ;
Dimensions 24 cm.
504 ## - BIBLIOGRAPHY, ETC. NOTE
Bibliography, etc. note Includes bibliographical references and index.
650 ## - SUBJECT ADDED ENTRY--TOPICAL TERM
Source of heading or term 1. Internet resources.
650 ## - SUBJECT ADDED ENTRY--TOPICAL TERM
Source of heading or term 2. Internet searching.
942 ## - ADDED ENTRY ELEMENTS (KOHA)
Source of classification or shelving scheme Dewey Decimal Classification
Koha item type Book Circulation
Call number prefix Circ.
Suppress in OPAC No
952 ## - LOCATION AND ITEM INFORMATION (KOHA)
--
Holdings
Withdrawn status Lost status Source of classification or shelving scheme Damaged status Not for loan Home library Current library Shelving location Date acquired Cost, normal purchase price Total Checkouts Full call number Barcode Date last seen Copy number Price effective from Koha item type Uniform Resource Identifier
    Dewey Decimal Classification     College Library College Library Circulation 02/18/2009 0.00   Circ. 004.678 D637i 2007 46488 10/08/2025 c1 10/08/2025 BK-CIRC